The Secret Of The Nagas The Shiva Trilogy 2 (Record no. 41299)

MARC details
000 -LEADER
fixed length control field 00314nam a2200121Ia 4500
008 - FIXED-LENGTH DATA ELEMENTS--GENERAL INFORMATION
fixed length control field 240719s9999 xx 000 0 und d
041 ## - LANGUAGE CODE
Language code of text/sound track or separate title eng
082 ## - DEWEY DECIMAL CLASSIFICATION NUMBER
Classification number 823 AMI
100 ## - MAIN ENTRY--PERSONAL NAME
Personal name Amish, Tripathi
245 ## - TITLE STATEMENT
Title The Secret Of The Nagas The Shiva Trilogy 2
260 ## - PUBLICATION, DISTRIBUTION, ETC.
Place of publication, distribution, etc. New Delhi
Name of publisher, distributor, etc. Wiely
Date of publication, distribution, etc. 2011
300 ## - PHYSICAL DESCRIPTION
Extent 372.; P. 22 Cm
Holdings
Withdrawn status Lost status Damaged status Not for loan Home library Current library Shelving location Date acquired Total Checkouts Total Renewals Full call number Barcode Date last seen Date last checked out Price effective from Koha item type Public note
        IMTN IMTN Rack 39-A 09/06/2023 3 1 823 AMI 32994 10/17/2025 10/05/2025 07/19/2024 Books Gifted
Designed & Maintained by: LRC IMT Nagpur Contact: lrc@imtnag.ac.in© 2024. All Rights Reserved.